[Event "9th Philadelphia International"]
[Site "Philadelphia USA"]
[Date "2012.07.01"]
[Round "5"]
[White "Aaron,D"]
[Black "Sachdev,T"]
[Result "0-1"]
[WhiteElo "2263"]
[BlackElo "2417"]

1.e4 c5 2.Nf3 e6 3.d4 cxd4 4.Nxd4 a6 5.Nc3 Qc7 6.Bd3 Nf6 7.O-O d6 8.Qe2 Be7
9.Bd2 b5 10.Rae1 Bb7 11.Nb3 Nbd7 12.f4 O-O 13.Nd1 d5 14.e5 Ne4 15.Be3 Ndc5
16.Nxc5 Nxc5 17.Bxc5 Qxc5+ 18.Kh1 g6 19.Ne3 d4 20.Ng4 Qd5 21.Nf6+ Bxf6 22.exf6 Rac8
23.Qg4 Rc5 24.Re5 Qd6 25.Qg5 Rfc8 26.h4 Rxc2 27.Bxc2 Rxc2 28.Rg1 d3 29.Qh6 Qf8
30.Qxf8+ Kxf8 31.Re3 Rd2 32.Rg3 Ke8 33.Rc1 Kd7 34.Kg1 Be4 35.Re1 Bd5 36.b3 Rxa2
37.Rxd3 Rxg2+ 38.Kf1 Rg4 39.Ra1 Rxh4 40.Rxa6 Rxf4+ 41.Ke1 Kc8 42.Rc3+ Kb7
43.Rd6 Rxf6 44.b4 Bc4 45.Ra3 Kc7 46.Raa6 Rf1+ 47.Kd2 Bd5 48.Ke2 Rf4  0-1

[Event "40th TCh-GRE 2012"]
[Site "Achaea GRE"]
[Date "2012.07.02"]
[Round "4.2"]
[White "Kokkalis,Haralabos"]
[Black "Pessiridis,Isaak"]
[Result "1/2-1/2"]
[WhiteElo "1698"]
[BlackElo "1653"]

1.e4 c5 2.Nf3 e6 3.d4 cxd4 4.Nxd4 a6 5.Nc3 Qc7 6.Bd3 Nf6 7.O-O Be7 8.Qe2 Nc6
9.Nxc6 dxc6 10.Kh1 b5 11.a3 Bb7 12.e5 Nd5 13.Nxd5 cxd5 14.f4 g6 15.Be3 Bc5
16.Qf2 Rc8 17.c3 Qc6 18.Bd4 Bxd4 19.cxd4 Qb6 20.Rac1 Bc6 21.Rc5 Bd7 22.Rfc1 Qb7
23.R1c3 Rxc5 24.Rxc5 O-O 25.Qc2 Rc8 26.Kg1 Rxc5 27.Qxc5 Qc6 28.Qxc6 Bxc6
29.Kf2 Kf8 30.Ke3 Ke7 31.Kd2 Kd8 32.Kc3 Kc7 33.g4 a5 34.h4 Kd7 35.f5 Ke7
36.fxg6 fxg6  1/2-1/2

[Event "20th Montcada Open"]
[Site "Montcada i Reixac ESP"]
[Date "2012.07.02"]
[Round "8.15"]
[White "Uribe Arteaga,D"]
[Black "Aroshidze,L"]
[Result "0-1"]
[WhiteElo "2285"]
[BlackElo "2582"]

1.e4 c5 2.Nf3 e6 3.d4 cxd4 4.Nxd4 a6 5.Nc3 Qc7 6.f4 d6 7.Bd3 Nf6 8.Qe2 Nbd7
9.Bd2 g6 10.O-O-O Bg7 11.Nb3 b5 12.a3 O-O 13.g4 Nb6 14.g5 Nh5 15.Qf2 Nc4
16.Be2 Nxd2 17.Rxd2 Bxc3 18.bxc3 Ng7 19.Qe3 e5 20.Rhd1 exf4 21.Qxf4 Qxc3
22.Rd3 Qe5 23.Qh4 Ne6 24.Rxd6 Bb7 25.Bf3 Rac8 26.Rd7 Qc3 27.Qf2 Qxb3 28.Rxb7 Qxa3+
29.Kb1 Nc5  0-1

[Event "7th Vladimir Dvorkovich Cup"]
[Site "Moscow RUS"]
[Date "2012.07.02"]
[Round "4.10"]
[White "Yuan,Qingyu"]
[Black "Drozdowski,K"]
[Result "0-1"]
[WhiteElo "2218"]
[BlackElo "2329"]

1.e4 c5 2.Nf3 e6 3.d4 cxd4 4.Nxd4 a6 5.Nc3 b5 6.Bd3 Bb7 7.O-O Qc7 8.a4 b4
9.Nce2 Nf6 10.Ng3 h5 11.Re1 Bc5 12.Nf3 Ng4 13.Re2 Nxh2 14.Nxh2 Qxg3 15.Be3 Qc7
16.Qd2 d6 17.Bxc5 Qxc5 18.Rc1 Nd7 19.c3 Rc8 20.Ree1 b3 21.Nf3 h4 22.Nd4 h3
23.Nxb3 Qh5 24.Bf1 Ne5 25.Nd4 Qg6 26.f4 hxg2 27.Bxg2 Qh6 28.Rcd1 Qh2+ 29.Kf1 Ng4
30.Nf5 Rd8 31.Nd4 Qg3 32.Nf3 a5 33.c4 Ba6 34.b3 Rb8 35.Rb1 Rxb3 36.Rxb3 Rh1+
37.Ke2 Bxc4+ 38.Rd3 Qxg2+ 39.Kd1 Nf2+ 40.Kc2 Bxd3+ 41.Kb2 Qxf3 42.Qxa5 Nd1+
43.Ka1 Bxe4 44.Qb5+ Ke7 45.Qg5+ Kd7  0-1

[Event "40th TCh-GRE 2012"]
[Site "Achaea GRE"]
[Date "2012.07.03"]
[Round "5.11"]
[White "Kordis,K"]
[Black "Maris,Io"]
[Result "1-0"]
[WhiteElo "2160"]
[BlackElo "1992"]

1.e4 c5 2.Nf3 e6 3.d4 cxd4 4.Nxd4 a6 5.Nc3 Qc7 6.g3 b5 7.Bg2 Bb7 8.O-O d6
9.Re1 Nf6 10.a4 bxa4 11.Rxa4 Be7 12.e5 dxe5 13.Ndb5 axb5 14.Rxa8 O-O 15.Bxb7 Qxb7
16.Ra1 b4 17.Na4 Nc6 18.Be3 e4 19.Qe2 Ne5 20.Red1 Nf3+ 21.Kg2 Qc7 22.Nb6 Qe5
23.Qc4 Qh5 24.h3 Qf5 25.Ra7 Ne5 26.Qe2 Bd8 27.Ra8 Bxb6 28.Rxf8+ Kxf8 29.Bxb6 Ned7
30.Bc7 Nd5 31.Bd6+ Ke8 32.Rd4 N7f6 33.Bxb4 e5 34.Qb5+ Qd7 35.Qxd7+ Kxd7  1-0

[Event "20th Montcada Open"]
[Site "Montcada i Reixac ESP"]
[Date "2012.07.03"]
[Round "9.18"]
[White "Arribas Robaina,M"]
[Black "Aloma Vidal,R"]
[Result "0-1"]
[WhiteElo "2312"]
[BlackElo "2402"]

1.e4 c5 2.Nf3 e6 3.Nc3 a6 4.d4 cxd4 5.Nxd4 b5 6.Bd3 Bb7 7.O-O Nc6 8.Nxc6 Bxc6
9.e5 Ne7 10.a4 bxa4 11.Qe2 Ng6 12.f4 a3 13.bxa3 Bc5+ 14.Kh1 Bd4 15.Bd2 Rc8
16.Rad1 Bxc3 17.Bxc3 Nh4 18.Rf2 Bxg2+ 19.Rxg2 Nxg2 20.Bd2 Nh4 21.Bb4 a5 22.Bd6 Nf5
23.Bxf5 exf5 24.c4 Qb6 25.c5 Qc6+ 26.Kg1 h5 27.Kf2 Qa4 28.Qd2 Rh6 29.Rg1 Rxd6
30.exd6 Kf8 31.Qe3 Qc2+ 32.Kf3 Re8 33.Qc1 Qe2+ 34.Kg3 Qg4+  0-1

[Event "40th TCh-GRE 2012"]
[Site "Achaea GRE"]
[Date "2012.07.04"]
[Round "6.8"]
[White "Amiridou,D"]
[Black "Bouza,Mirto-Eleni"]
[Result "1-0"]
[WhiteElo "1707"]
[BlackElo "1291"]

1.e4 c5 2.Nf3 e6 3.d4 cxd4 4.Nxd4 a6 5.Nc3 Qc7 6.Be3 Nf6 7.f3 d6 8.Qd2 b5
9.a3 Bb7 10.g4 h6 11.Rg1 Be7 12.O-O-O Nc6 13.h4 O-O 14.g5 hxg5 15.hxg5 Nd7
16.g6 fxg6 17.Nxe6 Qc8 18.Nxf8 Qxf8 19.Bh3 Nde5 20.Be6+ Nf7 21.Rh1 Qb8 22.Qh2 Kf8
23.Qh8+ Nxh8 24.Rxh8+  1-0

[Event "40th TCh-GRE 2012"]
[Site "Achaea GRE"]
[Date "2012.07.05"]
[Round "7.15"]
[White "Moutzouris,Iason"]
[Black "Lezgidis,Fotios"]
[Result "1-0"]
[WhiteElo "1734"]
[BlackElo "1647"]

1.e4 c5 2.Nf3 e6 3.d4 cxd4 4.Nxd4 a6 5.Nc3 Qc7 6.Bd3 Nf6 7.O-O b5 8.a3 Bb7
9.Qe2 Be7 10.Kh1 O-O 11.f4 d6 12.e5 Nfd7 13.exd6 Bxd6 14.Ne4 Nc5 15.b4 Nxd3
16.cxd3 Nc6 17.Bb2 Nxd4 18.Bxd4 Rfd8 19.Nf6+ gxf6 20.Qg4+ Kf8 21.Bxf6 Be7
22.Rac1 Qb6 23.Qg7+ Ke8 24.Qg8+ Kd7 25.Qxf7 Re8 26.Rfe1 Bd5 27.f5 a5 28.bxa5 Rxa5
29.fxe6+ Kd8 30.Bxe7+ Rxe7 31.Qf8+ Re8 32.e7+ Kd7 33.Qxe8+  1-0

[Event "40th TCh-GRE 2012"]
[Site "Achaea GRE"]
[Date "2012.07.05"]
[Round "7.2"]
[White "Drakaki,A"]
[Black "Salahidi,Reveka"]
[Result "1-0"]
[WhiteElo "1836"]
[BlackElo "1596"]

1.e4 c5 2.Nf3 e6 3.d4 cxd4 4.Nxd4 a6 5.Nc3 Qc7 6.Bd3 Nf6 7.O-O b5 8.Qe2 d6
9.Bd2 Bb7 10.Rae1 Be7 11.Kh1 Nbd7 12.f4 b4 13.Nd1 Nc5 14.Nf2 d5 15.e5 Nfe4
16.Nxe4 Nxe4 17.Bxe4 dxe4 18.c4 Rd8 19.Be3 Bc5 20.Rd1 Qb6 21.Nc2 O-O 22.Qf2 Bxe3
23.Nxe3 Rd3 24.Rxd3 exd3 25.Qg3 Be4 26.Ng4 Bg6 27.Qe3 Qc6 28.Qd4 Qa4 29.Ne3 Qa5
30.f5 exf5 31.Nd5 Kh8 32.Qxd3 Qc5 33.Qe2 Re8 34.b3 Qd4 35.Nxb4 f4 36.Rd1 Qb6
37.Nd5 Qb8 38.Nxf4  1-0

[Event "35th Barbera Open A"]
[Site "Barbera del Valles ESP"]
[Date "2012.07.05"]
[Round "2.5"]
[White "Mosquera,M"]
[Black "Aroshidze,L"]
[Result "0-1"]
[WhiteElo "2395"]
[BlackElo "2580"]

1.e4 c5 2.Nf3 e6 3.d4 cxd4 4.Nxd4 a6 5.Nc3 Qc7 6.Qf3 Nf6 7.g4 d6 8.Bg2 Nfd7
9.b3 Nc6 10.Nxc6 bxc6 11.Bb2 Be7 12.O-O-O O-O 13.h4 a5 14.g5 Nc5 15.Qe3 e5
16.f4 exf4 17.Qxf4 a4 18.Qg3 axb3 19.axb3 Nd7 20.Bh3 Ne5 21.h5 Bxh3 22.Rxh3 Ra5
23.Rg1 Qa7 24.Ne2 Rb8 25.g6 fxg6 26.hxg6 h6 27.Bd4 Qa6 28.Qe3 Bf6 29.Nf4 Ra2
30.Nh5 Bg5 31.Rxg5 Qf1+ 32.Kd2 hxg5 33.Qc3 Qg2+ 34.Kc1 Rf8 35.Kb1 Qf1+  0-1

[Event "7th Vladimir Dvorkovich Cup"]
[Site "Moscow RUS"]
[Date "2012.07.05"]
[Round "6.2"]
[White "Sanal,V"]
[Black "Petrosyan,M"]
[Result "1-0"]
[WhiteElo "2277"]
[BlackElo "2291"]

1.e4 c5 2.Nf3 e6 3.d4 cxd4 4.Nxd4 a6 5.Nc3 Qc7 6.g3 Nc6 7.Bg2 d6 8.O-O Bd7
9.Nxc6 Bxc6 10.a4 Nf6 11.a5 Be7 12.Be3 O-O 13.Bb6 Qb8 14.Re1 Nd7 15.Bd4 Qc7
16.Na4 Bxa4 17.Rxa4 Bf6 18.Bxf6 Nxf6 19.Re3 Rac8 20.Rc3 Qe7 21.Rd3 Rc5 22.Rxd6 Qc7
23.c3 Rxa5 24.Rad4 Ra2 25.e5 Qa5 26.Qe2 Ra1+ 27.Rd1 Rxd1+ 28.Rxd1 Nd5 29.c4 Nb4
30.Bxb7 Rd8 31.Rd6 g6 32.Qd2 Rb8 33.Rd7 Qc5 34.Qd6 Qxd6 35.exd6 Nd3 36.Rc7 Kf8
37.d7 Rd8 38.c5 Nxb2 39.c6 Nc4 40.Rc8 Ke7 41.c7 Rxd7 42.Re8+ Kxe8 43.c8=Q+ Ke7
44.Qxc4 Rxb7 45.Qh4+ Kf8 46.Qxh7 Rb5 47.Qh8+ Ke7 48.Qh4+ Kf8 49.Qh8+ Ke7
50.h4 Rh5 51.Qb8 Rb5 52.Qa7+ Kf8 53.Qxa6 Rd5 54.Qa1 Kg8 55.Kg2 Rf5 56.g4 Rd5
57.Qf6 Rb5 58.Kg3 Rd5 59.f3 Rb5 60.h5 gxh5 61.g5 Rf5 62.Qh6 Rd5 63.g6 fxg6
64.Qxg6+ Kh8 65.Qh6+  1-0

[Event "2nd Polugaevsky Mem"]
[Site "Samara RUS"]
[Date "2012.07.05"]
[Round "1.5"]
[White "Sazonova,E"]
[Black "Maletin,P"]
[Result "0-1"]
[WhiteElo "2159"]
[BlackElo "2596"]

1.e4 c5 2.Nf3 e6 3.d4 cxd4 4.Nxd4 a6 5.Nc3 Qc7 6.Bd3 Nf6 7.Qe2 d6 8.a4 b6
9.O-O Bb7 10.Nd1 Nbd7 11.c4 g6 12.f3 Bg7 13.Be3 Rc8 14.Rc1 O-O 15.Nf2 Nc5
16.Bc2 e5 17.Nb3 Nxa4 18.Na5 Nc3 19.Qe1 Na2 20.Nxb7 Nxc1 21.Nxd6 Qxd6 22.c5 Rxc5
23.Bxc5 Qxc5 24.Qxc1 Rc8 25.Rd1 Ne8  0-1

[Event "35th Barbera Open A"]
[Site "Barbera del Valles ESP"]
[Date "2012.07.06"]
[Round "3.6"]
[White "Van Riemsdijk,H"]
[Black "Gonzalez Garcia,J2"]
[Result "0-1"]
[WhiteElo "2397"]
[BlackElo "2518"]

1.e4 c5 2.Nf3 e6 3.d4 cxd4 4.Nxd4 a6 5.Nc3 b5 6.Bd3 Bb7 7.O-O Nc6 8.Nb3 Nf6
9.Re1 d6 10.Be3 Be7 11.a4 b4 12.Nb1 Ne5 13.a5 d5 14.Bb6 Qd7 15.exd5 Nxd3
16.Qxd3 Qxd5 17.Qxd5 Nxd5 18.Bd4 Rc8 19.c3 O-O 20.g3 Rfd8 21.Rc1 bxc3 22.Nxc3 Nxc3
23.Rxc3 Rxc3 24.bxc3 Rc8 25.Rb1 Be4 26.Rb2 Ba3 27.Ra2 Bd6 28.f4 Bd5 29.Rb2 f6
30.Kf2 e5 31.fxe5 fxe5 32.Be3 Ba3 33.Ra2 Be7 34.Rb2 Rxc3 35.Nc1 Ba3 36.Rb8+ Kf7
37.Ne2 Rc2 38.Ke1 Bc4 39.Rb7+ Kf6 40.Rb6+ Kf5 41.Bd2 Ra2 42.Nc3 Ra1+ 43.Nd1 Bb5
44.Bc3 Ra2 45.Bd2 Ra1 46.Bc3 Ra2 47.Bd2 Bc5 48.Rb7 Bd4 49.Rf7+ Kg6 50.Rc7 Ra1
51.Bc1 Rxa5 52.Nc3 Ra1 53.Kd2 h5 54.h3 Kf5 55.g4+ hxg4 56.hxg4+ Kxg4 57.Rxg7+ Kf5
58.Bb2 Rg1 59.Nxb5 Rxg7 60.Nxd4+ exd4 61.Bxd4 Rg3 62.Kc2 Ke4 63.Bb6 Kd5 64.Kb2 Kc4
65.Bd8 Rf3 66.Be7 Rf7 67.Bh4 Kb4 68.Bg3 Rg7 69.Bd6+ Ka4 70.Bf8 Rg2+ 71.Kc3 Rg3+
72.Kb2 Rf3 73.Be7 Rf7 74.Bd6 Rb7+ 75.Kc2 Kb5 76.Bf8 Kc4 77.Bd6 a5  0-1

[Event "86th ch-ARG 2012"]
[Site "La Plata ARG"]
[Date "2012.07.06"]
[Round "3.13"]
[White "Tokatlian,Gabriel"]
[Black "Lujan,C"]
[Result "1/2-1/2"]
[WhiteElo "1947"]
[BlackElo "2367"]

1.e4 c5 2.Nc3 a6 3.Nf3 e6 4.d4 cxd4 5.Nxd4 b5 6.Bd3 Bb7 7.Qe2 Ne7 8.O-O Ng6
9.f4 Bc5 10.Qf2 Nc6 11.Be3 Qb6 12.Nf5 Bxe3 13.Qxe3 Qxe3+ 14.Nxe3 d6 15.a3 O-O
16.Ne2 Rac8 17.c3 Na5 18.Rad1 Rfd8 19.Bc2 Nc4 20.Nxc4 bxc4 21.g3 Rb8 22.Rd2 d5
23.exd5 Bxd5 24.Bxg6 hxg6 25.Rf2 Rb7 26.Kf1 Rdb8 27.Ng1 Be4 28.Ke1 Kf8 29.Kd1 Ke7
30.Kc1 Rb3 31.Rd1 a5 32.Re1 Bd5 33.Ree2 a4 34.Nf3 Bxf3 35.Rxf3 R8b5 36.h4 Rd5
37.Rff2 Rd3 38.Rg2 Rb5 39.Re4 Rc5 40.Kc2 Rd7  1/2-1/2

[Event "ch-BEL Experts 2012"]
[Site "Lommel BEL"]
[Date "2012.07.06"]
[Round "7.1"]
[White "Beukema,S"]
[Black "Popovic,Pe"]
[Result "1-0"]
[WhiteElo "2292"]
[BlackElo "2481"]

1.e4 c5 2.Nf3 e6 3.d4 cxd4 4.Nxd4 a6 5.Nc3 Qc7 6.Bd3 Nf6 7.O-O Bc5 8.Be3 d6
9.Kh1 O-O 10.f4 Nc6 11.e5 dxe5 12.Nxc6 Bxe3 13.fxe5 Nd5 14.Nxd5 exd5 15.Qe1 Bh6
16.Nd4 Re8 17.Nf3 Bg4 18.Qh4 Bxf3 19.Rxf3 Rxe5 20.Raf1 Rf8 21.Rg3 Re6 22.h3 Qe5
23.c3 g6 24.Rf5 Qd6 25.Rf1 Bg7 26.Rgf3 Qb6 27.Qg5 Re5 28.Qd2 Qe6 29.Qf2 h5
30.Qg3 Qe7 31.h4 Qe6 32.Qf2 f5 33.Qg3 Kh7 34.Qf2 Re8 35.b3 b5 36.a4 bxa4
37.bxa4 a5 38.Qc5 d4 39.Qxd4 Re4 40.Qf2 Rxa4 41.Rxf5 Qe3 42.Rxh5+ Bh6 43.Qf7+ Kh8
44.Rxh6+  1-0

[Event "Int Open ch-SVK 2012"]
[Site "Banska Stiavnica SVK"]
[Date "2012.07.07"]
[Round "1.27"]
[White "Schwabik,B"]
[Black "Gazik,I"]
[Result "1/2-1/2"]
[WhiteElo "2028"]
[BlackElo "2311"]

1.e4 c5 2.Nf3 e6 3.d4 cxd4 4.Nxd4 a6 5.Nc3 Qc7 6.Bd3 Nc6 7.Nxc6 bxc6 8.O-O d5
9.f4 Bb4 10.Qg4 g6 11.f5 Bd6 12.h3 d4 13.Nd1 c5 14.c4 Nf6 15.Qg5 Nh5 16.fxg6 Bh2+
17.Kh1 hxg6 18.Rf3 Bb7 19.Nf2 Be5 20.Kg1 Bh2+ 21.Kh1 Be5 22.Kg1 Bh2+ 23.Kh1 Be5  1/2-1/2

[Event "35th Barbera Open A"]
[Site "Barbera del Valles ESP"]
[Date "2012.07.07"]
[Round "4.37"]
[White "Guix Torres,D"]
[Black "Lacasta Palacios,J"]
[Result "1/2-1/2"]
[WhiteElo "2011"]
[BlackElo "2195"]

1.e4 e6 2.Nc3 c5 3.Nf3 a6 4.d4 cxd4 5.Nxd4 Qc7 6.g3 Nf6 7.Bg2 Bc5 8.O-O d6
9.Bg5 Nbd7 10.a4 h6 11.Be3 Ne5 12.h3 Nc4 13.Bc1 Bd7 14.b3 Na5 15.Nce2 Rc8
16.c4 Nc6 17.Bb2 e5 18.Nxc6 bxc6 19.a5 Rb8 20.Nc3 Bd4 21.Na4 Bxb2 22.Nxb2 c5
23.Qd3 Bc6 24.Rfd1 Ke7 25.Na4 Bxa4 26.Rxa4 Rhd8 27.Rb1 Nd7 28.h4 Rb7 29.Bh3 Nb8
30.b4 Rxb4 31.Rbxb4 cxb4 32.Rxb4 Nc6 33.Rb6 Nxa5 34.Rxa6 Nc6 35.Qa3 Kf8 36.Qa4 Nd4
37.Ra7 Qc6 38.Qxc6 Nxc6 39.Rc7 Nd4 40.c5 dxc5 41.Rxc5 Rb8 42.Rc8+ Rxc8 43.Bxc8 Nf3+
44.Kg2 Nd2 45.Bb7 Ke7  1/2-1/2

[Event "Werner-Ott-Open 2012"]
[Site "Berlin GER"]
[Date "2012.07.07"]
[Round "1.7"]
[White "Waldmann,H"]
[Black "Kornath,H"]
[Result "1/2-1/2"]
[WhiteElo "2342"]
[BlackElo "1896"]

1.e4 c5 2.Nf3 e6 3.d4 cxd4 4.Nxd4 a6 5.Nc3 b5 6.Be2 Bb7 7.Bf3 Qc7 8.O-O b4
9.Nce2 h5 10.e5 Bxf3 11.Nxf3 Nc6 12.Bf4 Nge7 13.Qd2 Ng6 14.Qe3 Nxf4 15.Nxf4 h4
16.Rfe1 Be7 17.h3 Rb8 18.Nd3 Rb5 19.Qe4 d5 20.exd6 Qxd6 21.Rad1 Rd5 22.c4 bxc3
23.bxc3 Qc7 24.c4 Rd8 25.Nde5 Nxe5 26.Nxe5 Rh5 27.Rxd8+ Bxd8 28.Nd3 Ra5 29.Re2 Bf6
30.Rc2 Qb6 31.c5 Qc7 32.a4 Be7 33.Qc4 Qc6 34.Qb4 Rxa4 35.Qb8+ Bd8 36.Ne5 Ra1+
37.Kh2 Qc7 38.Qb2 Ra5 39.f4 Rxc5 40.Rxc5 Qxc5 41.Qb7 Qc7 42.Qxa6 Bf6 43.Qa8+ Bd8
44.Qa6 g5 45.Qb5+ Kf8 46.Qb4+ Kg7 47.Qe4 Bf6 48.Nd3 gxf4 49.Kg1 e5 50.Kf2 Kh6
51.Kf3 Qd6 52.Kg4 Kg7 53.Kf3 Qe6 54.Nc5 Qd6 55.Nd3 Qc7 56.Kg4 Qc2 57.Kf3 Qd1+
58.Kf2 Qh5 59.Ne1 Qg5 60.Nf3 Qg6 61.Nd2 Qg3+ 62.Kf1 Qc3 63.Nf3 Qc1+ 64.Ke2 Qb2+
65.Kf1 Kh6 66.Qc6 Qb1+ 67.Kf2 Qf5 68.Nxh4 Qe6 69.Qxe6 fxe6 70.Nf3 e4 71.Nh2 Bd4+
72.Ke2 Kg5 73.Nf1 Bc3 74.Kf2 e5 75.Ke2 Kf5 76.Kf2 e3+ 77.Kf3 e4+ 78.Ke2 Bd4
79.Nh2 Kg5 80.Ng4 Kh4 81.Nh6 Bc5 82.Nf5+ Kg5 83.Ng7 Bd6 84.Ne6+ Kh4 85.Nd4 Bc5
86.Ne6 Bd6 87.Nd4 Kg3 88.Nf5+ Kxg2 89.Nxe3+ Kxh3 90.Nc4 Bc7 91.Nd2 e3 92.Nc4  1/2-1/2

[Event "Mulhouse IM 2012"]
[Site "Mulhouse FRA"]
[Date "2012.07.07"]
[Round "8.5"]
[White "Wyss,J"]
[Black "Lutz,B"]
[Result "1-0"]
[WhiteElo "2241"]
[BlackElo "2310"]

1.e4 c5 2.Nf3 e6 3.d4 cxd4 4.Nxd4 a6 5.Nc3 Qc7 6.g3 Nf6 7.Bg2 d6 8.O-O Be7
9.h3 O-O 10.Be3 Nc6 11.Nxc6 bxc6 12.Na4 Rb8 13.c4 e5 14.Qc2 Be6 15.Rad1 Nd7
16.b3 f5 17.f4 g6 18.c5 Rf7 19.cxd6 Bxd6 20.exf5 Bxf5 21.Qxc6 Rf6 22.g4 Qxc6
23.Bxc6 Bc2 24.Rd2 exf4 25.Rxc2 fxe3 26.Bxd7 Rbf8 27.Rxf6 Rxf6 28.Bc6 Bg3
29.Bd5+ Kg7 30.Kg2 Be5 31.Re2 Rd6 32.Bc4 Bd4 33.Nb2  1-0

[Event "5th Int ch-Central Serbia 2012"]
[Site "Paracin SRB"]
[Date "2012.07.07"]
[Round "2.27"]
[White "Doric,N"]
[Black "Hadzi Manev,L"]
[Result "1-0"]
[WhiteElo "2330"]
[BlackElo "2089"]

1.e4 c5 2.Nf3 e6 3.d4 cxd4 4.Nxd4 a6 5.Nc3 Qc7 6.g3 Bb4 7.Ne2 Nf6 8.Bg2 d6
9.O-O h5 10.h3 Nbd7 11.Be3 Ne5 12.a3 Bc5 13.Bxc5 Qxc5 14.Qd4 Nc6 15.Qd2 Ne5
16.b3 Bd7 17.Rfd1 Ke7 18.Nd4 Rac8 19.Nce2 Bc6 20.b4 Qc4 21.Nf5+ exf5 22.Qxd6+ Ke8
23.Qxe5+ Qe6 24.Qxe6+ fxe6 25.exf5 exf5 26.Bxc6+ bxc6 27.c4 h4 28.Kg2 Kf7
29.Nd4 g6 30.Nf3 hxg3 31.Ng5+ Kg7 32.fxg3 Rhe8 33.Re1  1-0

[Event "ch-NOR 2012"]
[Site "Sandefjord NOR"]
[Date "2012.07.07"]
[Round "1.6"]
[White "Moen,A"]
[Black "Thanke,B"]
[Result "0-1"]
[WhiteElo "2392"]
[BlackElo "2176"]

1.e4 c5 2.Nf3 e6 3.d4 cxd4 4.Nxd4 a6 5.Nc3 Qc7 6.Bd3 Nf6 7.f4 d6 8.Qf3 Be7
9.g4 Nc6 10.Be3 Nxd4 11.Bxd4 e5 12.fxe5 dxe5 13.Qg3 Bd6 14.Be3 Be6 15.h3 O-O
16.Qf3 Bb4 17.Bd2 Rac8 18.a3 Bc5 19.g5 Nd7 20.Nd5 Bxd5 21.exd5 e4 22.Bxe4 f5
23.gxf6 Rxf6 24.Qg2 Bf2+ 25.Kd1 Qe5 26.c3 Nc5 27.Bc2 Re8 28.Kc1 Qe2 29.Rd1 Nd3+
30.Kb1 Rb6 31.b3 Ne5 32.Qe4 Rxb3+ 33.Ka2 Rb2+ 34.Kxb2 Nc4+ 35.Qxc4 Qxc4 36.d6 Qb5+
37.Bb3+ Kh8 38.Rac1 Bh4 39.Bf4 Re2+ 40.Rc2 Rxc2+ 41.Kxc2 Qf5+  0-1

[Event "86th ch-ARG 2012"]
[Site "La Plata ARG"]
[Date "2012.07.08"]
[Round "6.3"]
[White "Aparicio,A"]
[Black "Lemos,D"]
[Result "0-1"]
[WhiteElo "2223"]
[BlackElo "2545"]

1.e4 c5 2.Nf3 e6 3.d4 cxd4 4.Nxd4 a6 5.Nc3 b5 6.Bd3 Bb7 7.O-O Ne7 8.a4 b4
9.Nce2 Nbc6 10.Nb3 Ng6 11.f4 Be7 12.Be3 O-O 13.a5 d6 14.Qe1 Bf6 15.Bb6 Qe7
16.Nbd4 Nxd4 17.Nxd4 Bxd4+ 18.Bxd4 e5 19.fxe5 dxe5 20.Be3 Nf4 21.Bxf4 exf4
22.Rxf4 Qe5 23.Rf2 Qxb2 24.Rb1 Qe5 25.Qxb4 Bc8 26.Bc4 Be6 27.Bxe6 Qxe6 28.Qe1 Rae8
29.Rb6 Qc4 30.Qb4 Qc8 31.Rb7 Qg4 32.h3 Qh4 33.Qc4 Qh5 34.Rf5 Qg6 35.Rb6 Qg3
36.Qd3 Qe1+ 37.Rf1 Qxa5 38.Rxa6 Qb4 39.Rf4 Rd8 40.Qf1 Rd2 41.c4 Qc5+ 42.Kh1 Rfd8
43.Ra1 Qh5 44.Rf5 Qg6 45.Qf3 Re8 46.Ra7 Rf8 47.c5 h6 48.Rd5 Rxd5  0-1

[Event "6th LCT GpA 2012"]
[Site "Leiden NED"]
[Date "2012.07.08"]
[Round "3,17"]
[White "Butkiewicz,L"]
[Black "Van Overdam,Jan"]
[Result "1-0"]
[WhiteElo "2402"]
[BlackElo "2101"]

1.e4 c5 2.Nf3 e6 3.d4 cxd4 4.Nxd4 a6 5.Nc3 Qc7 6.Bd3 Nf6 7.O-O d6 8.Be3 Nbd7
9.f4 Be7 10.Qf3 O-O 11.Rae1 Nc5 12.f5 Nfd7 13.Qg3 Bf6 14.fxe6 fxe6 15.Nce2 Ne5
16.Bg5 Qe7 17.Bxf6 Rxf6 18.Rxf6 Qxf6 19.Rf1 Qe7 20.Nf3 Ncd7 21.Ned4 Nf7 22.Bc4 Nde5
23.Nxe5 Nxe5 24.Nf5 Qf6 25.Nxd6  1-0

[Event "16th Godesburg Open"]
[Site "Bad Godesberg GER"]
[Date "2012.07.09"]
[Round "3.17"]
[White "Zens,Rolf"]
[Black "Wecker,Martin"]
[Result "1-0"]
[WhiteElo "1841"]
[BlackElo "2048"]

1.e4 c5 2.Nf3 e6 3.d4 cxd4 4.Nxd4 a6 5.Nc3 Qc7 6.Bd3 Bc5 7.Nb3 Be7 8.O-O d6
9.Qe2 Nf6 10.Be3 Nbd7 11.f4 b5 12.a3 Bb7 13.Rac1 O-O 14.h3 Rac8 15.Qf2 e5
16.Rfe1 exf4 17.Bxf4 Ne5 18.Nd4 Rfe8 19.Nf5 Bf8 20.Bg5 Ned7 21.Qh4 Re5 22.Kh1 Qc6
23.Rf1 Rce8 24.Nh6+ gxh6 25.Bxf6 Nxf6 26.Qxf6 Qd7 27.Rf3 Rg5 28.Rcf1 Rg7
29.Nd5 Bxd5 30.exd5 Re5 31.Qxh6 Rg6 32.Qh4 Be7 33.Rxf7 Bxh4 34.Rxd7 Rh6 35.Rdf7 Re1
36.Rf5 Rxf1+ 37.Bxf1 Bg3 38.Rg5+ Rg6 39.Rxg6+ hxg6 40.Bd3 g5 41.Kg1 Kf7 42.Kf1 Kf6
43.Ke2 Ke5 44.c4 bxc4 45.Bxc4 a5 46.a4 Kd4 47.Ba2 Kc5 48.Kd3 Be5 49.b3 Kb4
50.Bb1 Kxb3 51.Bc2+ Kb4 52.Ke4 Bb2 53.g3 Bc3 54.Kf5 Be5 55.h4 gxh4 56.gxh4 Kc4
57.Ke6 Kb4 58.h5 Kc5 59.Bg6 Bf4 60.Be8 Kd4 61.Bc6 Ke4 62.Kf6 Be5+ 63.Kg6 Kf4
64.h6 Bc3 65.h7 Bb2 66.Kf7 Kg5 67.Kg8  1-0

[Event "Irish Championships 2012"]
[Site "Dublin IRL"]
[Date "2012.07.09"]
[Round "3.3"]
[White "Fitzsimons,D"]
[Black "Freeman,G"]
[Result "1-0"]
[WhiteElo "2294"]
[BlackElo "2114"]

1.e4 c5 2.Nf3 e6 3.Nc3 a6 4.d4 cxd4 5.Nxd4 Qc7 6.Be2 Nc6 7.Be3 b5 8.Nxc6 Qxc6
9.Bf3 Bb4 10.Qd4 Bxc3+ 11.bxc3 Nf6 12.Bg5 Bb7 13.O-O-O Rc8 14.Bxf6 gxf6 15.e5 Qc7
16.Bxb7 fxe5 17.Qe4 Rb8 18.Bxa6 Rb6 19.Rhe1 Rxa6 20.Qxe5 Qxe5 21.Rxe5 Rg8
22.g3 Rxa2 23.Rd4 Ra1+ 24.Kd2 Rf1 25.Rxb5 Ke7 26.Ke2 Rc1 27.Rb7 Rxc2+ 28.Kd3 Rxf2
29.Rdxd7+ Kf8 30.c4 Kg7 31.h4 Rf3+ 32.Kd4 Rxg3 33.Rxf7+ Kg6 34.Rxh7 Rg4+
35.Kc3 e5 36.c5 e4 37.h5+ Kf6 38.c6 e3 39.Kd3 Re8 40.Rbf7+ Kg5 41.Rfg7+ Kf4
42.Rxg4+ Kxg4 43.Ke2 Kf5 44.c7 Kg5 45.Rd7 Rc8 46.Kxe3 Kxh5 47.Kd4  1-0

[Event "ch-SWE 2012"]
[Site "Falun SWE"]
[Date "2012.07.10"]
[Round "4.5"]
[White "Lindberg,Be"]
[Black "Cramling,P"]
[Result "1-0"]
[WhiteElo "2409"]
[BlackElo "2486"]

1.e4 c5 2.Nf3 e6 3.d4 cxd4 4.Nxd4 a6 5.Nc3 b5 6.Bd3 Bb7 7.O-O Nc6 8.Nxc6 Bxc6
9.Re1 Ne7 10.Bf4 Ng6 11.Bg3 Bb4 12.Qd2 e5 13.a3 Bxc3 14.Qxc3 Qe7 15.Qb4 d6
16.c4 bxc4 17.Bxc4 O-O 18.Rad1 Rfd8 19.Qb6 Qd7 20.b4 Rab8 21.Qe3 Bb5 22.Bd5 a5
23.bxa5 Qc7 24.Qd2 Qa7 25.Kh1 Ba4 26.Rb1 Rdc8 27.Rxb8 Rxb8 28.f3 Qa6 29.h4 Ne7
30.Ba2 Rc8 31.Qb4 Be8 32.Bb3 Nc6 33.Qxd6 Qxa5 34.Rc1 Qb5 35.Bd5 Qb2 36.Re1 Qc3
37.Bf2 h6 38.Qc5 Nd4 39.Qb4 Qxb4 40.axb4 Rb8 41.Rc1 Kh7 42.Rc4 Bb5 43.Rc7 f6
44.Rb7 Rxb7 45.Bxb7 Kg8 46.Bd5+ Kf8 47.Bxd4 exd4 48.Kg1 Ke7 49.Kf2 Kd6 50.f4 g5
51.g3 gxf4 52.gxf4 f5 53.Ba8 fxe4 54.Bxe4 Bc4 55.Ke1 Bb5 56.Kd2 Bc4 57.Bd3 Bd5
58.Ke2 Ke6 59.Kf2 Kf6 60.Kg3 Be6 61.b5 Bd5 62.Kg4 Bb7 63.b6 Ke6 64.Kh5 Kf7
65.Kxh6 Kf6 66.h5 Bc6 67.Ba6 Kf5 68.b7 Bxb7 69.Bxb7 d3 70.Bf3 Kxf4 71.Bd1  1-0

[Event "86th ch-ARG 2012"]
[Site "La Plata ARG"]
[Date "2012.07.10"]
[Round "9.10"]
[White "Lujan,C"]
[Black "Aparicio,A"]
[Result "1-0"]
[WhiteElo "2367"]
[BlackElo "2223"]

1.e4 c5 2.Nf3 a6 3.Nc3 e6 4.d4 cxd4 5.Nxd4 Qc7 6.g3 Nf6 7.Bg2 Nc6 8.O-O Be7
9.Re1 O-O 10.Nxc6 bxc6 11.e5 Nd5 12.Na4 a5 13.c4 Nb6 14.Nxb6 Qxb6 15.b3 a4
16.Rb1 axb3 17.axb3 Ra2 18.Be3 Qa5 19.Ra1 f6 20.Rxa2 Qxa2 21.exf6 Bxf6 22.Qd3 d5
23.Bc5 Be7 24.Bd4 Bb4 25.Ra1 Qd2 26.Qxd2 Bxd2 27.Ra7 e5 28.Bxe5 Re8 29.Rxg7+ Kf8
30.Rxh7 Rxe5 31.Rh8+ Ke7 32.Rxc8 Re1+ 33.Bf1 Kd7 34.Rf8 d4 35.Rf3 Rb1 36.h4 Bc3
37.h5 Rxb3 38.h6 Rb8 39.Bd3 Ke6 40.h7 Bd2 41.Rf5 Bh6 42.Rc5 Kd6 43.Rh5 Bg7
44.Rg5 Bf6 45.Rg8 Kc7 46.Rxb8 Kxb8 47.Kg2 Kc7 48.f4 Kd6 49.g4 Ke6 50.g5  1-0

[Event "5th Int ch-Central Serbia 2012"]
[Site "Paracin SRB"]
[Date "2012.07.11"]
[Round "7.43"]
[White "Stojkovska,M"]
[Black "Zarkovic,M"]
[Result "1/2-1/2"]
[WhiteElo "1909"]
[BlackElo "1996"]

1.e4 c5 2.Nf3 e6 3.Nc3 a6 4.d4 cxd4 5.Nxd4 Qc7 6.Bd3 Nf6 7.O-O d6 8.Bd2 Be7
9.Kh1 O-O 10.f4 Nbd7 11.Qf3 b5 12.a3 Nc5 13.Rae1 Bb7 14.Qg3 Rac8 15.f5 e5
16.Nf3 Kh8 17.Qh3 Qd7 18.g4 g6 19.Bg5 Ng8 20.Bh6 Nxh6 21.Qxh6 Bf6 22.Qh3 Qe7
23.Qg3 Bg5 24.Nxg5 Qxg5 25.f6 Rfe8 26.h4 Qh6 27.g5 Qf8 28.Rf2 Nxd3 29.cxd3 h5
30.gxh6 Qxh6 31.Qg5 Kh7 32.Rg2 Qh5 33.Qe3 Qh6 34.Qf3 Qh5 35.Qe3 Qh6 36.Qf3 Qh5
37.Qf2 Qh6  1/2-1/2

[Event "20th Metropolitan IM"]
[Site "Los Angeles USA"]
[Date "2012.07.12"]
[Round "3"]
[White "Matikozian,A"]
[Black "Liou,Y"]
[Result "1/2-1/2"]
[WhiteElo "2407"]
[BlackElo "2322"]

1.e4 c5 2.Nf3 e6 3.Nc3 a6 4.d4 cxd4 5.Nxd4 Qc7 6.Bd3 Nf6 7.O-O d6 8.f4 b5
9.a3 Bb7 10.Qe2 Nbd7 11.Bd2 Be7 12.Kh1 O-O 13.Rae1 Nc5 14.b4 Nxd3 15.cxd3 Rfe8
16.g4 Bf8 17.Rc1 Qd8 18.g5  1/2-1/2